000 00393nam a2200169Ia 4500
008 230524s9999 xx 000 0 und d
082 _a5.133
_bMUL
100 _aHenry Mullish
245 4 _aThe Spirit of C
250 _a2ND
260 _aNEW DELHI
_bJaico
_c2004
300 _aXIV;620
500 _aQuantity Number: 5
650 _aComp-Sc
700 _a Herbert L.Cooper
942 _cBK
999 _c25758
_d25758